000 00735nam a2200253Ia 4500
003 OSt
005 20220925205748.0
006 a|||||r|||| 00| 0
007 ta
008 220923b |||||||| |||| 00| 0 eng d
037 _cGeneral Book
040 _aRTL
_cRTL
_beng
041 _2eng
_aeng
082 _aU672(J).436.N8, M7
100 _aDonner Wolf
_995424
245 0 _aLand use and environment in Indonesia
260 _aHonolulu
_bUniversity of Hawaii Press
_c1987
300 _axix,368p
_ccm.
490 _aInstitute of Asian Affairs
500 _aBibliography P 336-63
650 _aAgricultural Geography
942 _hU672(J).436.N8, M7
_cGB
_2CC
999 _c553127
_d553127